[Event "Let's Play Chess!"]
[Site "http://www.queenalice.com/game.php?id=368317"]
[Date "2008.3.10"]
[Round "-"]
[White "snyps"]
[Black "quebec"]
[Result "1-0"]
[WhiteElo "1591"]
[BlackElo "1450"]

1. e4 c5 2. Nf3 Nc6 3. Bb5 e6 4. d3 a6 5. Bxc6 bxc6 6. Nc3 Nf6 7. Bg5 Be7 8. e5
Nd5 9. Bxe7 Qxe7 10. Ne4 O-O 11. Nd6 f6 12. Ne4 f5 13. Nd6 Nc7 14. Qd2 Ne8 15.
Nxe8 Rxe8 16. c4 Rf8 17. O-O a5 18. a4 Ba6 19. h3 Rab8 20. Qxa5 Bb7 21. d4 cxd4
22. Nxd4 Rfc8 23. Nf3 c5 24. Ra3 Bxf3 25. Rxf3 Rxb2 26. Rc3 g6 27. Rcc1 Rbb8 28.
Qc3 d5 29. Ra1 d4 30. Qd3 Rb4 31. Rfb1 Rxb1+ 32. Rxb1 Qa7 33. Qa3 h6 34. a5 Rb8
35. Rxb8+ Qxb8 36. Qxc5 Qb1+ 37. Kh2 d3 38. Qc8+ Kf7 39. Qd7+ Kf8 40. a6 Qa1 41.
a7 Qxe5+ 42. g3 1-0

[Event "amoflash"]
[Site "http://www.queenalice.com/game.php?id=368545"]
[Date "2008.3.10"]
[Round "-"]
[White "tyujohn"]
[Black "snyps"]
[Result "1/2-1/2"]
[WhiteElo "1685"]
[BlackElo "1619"]

1. d4 d5 2. c4 dxc4 3. Nc3 e6 4. e4 b5 5. Nf3 Bb4 6. Qc2 Nf6 7. Bf4 O-O 8. Be2
Nc6 9. O-O Nxd4 10. Nxd4 Qxd4 11. Nxb5 Qxe4 12. Qxe4 Nxe4 13. Nxc7 Ba6 14. Nxa6
Bd6 15. Bxd6 Nxd6 16. Nc7 Rab8 17. Rfd1 Rxb2 18. Rxd6 Rxe2 19. Rad1 Rxa2 20. Rd8
c3 21. Rxf8+ Kxf8 22. g3 c2 23. Rc1 Rb2 24. Kg2 a5 25. Na6 a4 26. Nc5 a3 27. Nd3
e5 28. f3 f5 29. Kf2 e4 30. fxe4 fxe4 31. Ke3 exd3 32. Kxd3 a2 33. Kc3 Rb1 34.
Kxc2 Rxc1+ 35. Kxc1 a1=Q+ 36. Kd2 Qb2+ 37. Ke3 Qxh2 38. g4 Qe5+ 39. Kf3 h5 40.
gxh5 Qxh5+ 41. Kf4 g5+ 42. Kg3 g4 43. Kg2 Qh3+ 44. Kg1 g3 1/2-1/2

[Event "Challenge"]
[Site "http://www.queenalice.com/game.php?id=370695"]
[Date "2008.3.13"]
[Round "-"]
[White "gncj"]
[Black "snyps"]
[Result "1-0"]
[WhiteElo "1412"]
[BlackElo "1100"]

1. e4 c5 2. Bc4 Nf6 3. Qf3 e6 4. e5 Ng8 5. Ne2 d5 6. exd6 Bxd6 7. d4 cxd4 8.
Nxd4 Bb4+ 9. c3 Bc5 10. Qg4 Bxd4 11. cxd4 Qf6 12. d5 Qe5+ 13. Be3 Qxb2 14. Bd4
Qc1+ 15. Qd1 Qxc4 16. Bxg7 Nf6 17. Bxh8 Qe4+ 18. Kf1 Nxd5 19. Qb3 b6 20. Nd2
Ba6+ 21. Kg1 Qg4 22. Rc1 Nf4 23. g3 Ne2+ 24. Kg2 Bb7+ 25. f3 Nf4+ 26. Kf2 Nh3+
27. Ke3 Qg5+ 28. f4 Qa5 29. Nc4 Qc5+ 30. Bd4 Qh5 31. Nd6+ Ke7 32. Nxb7 Nd7 33.
Qb4+ Ke8 34. Nd6+ Ke7 35. Nf5+ 1-0

[Event "Challenge"]
[Site "http://www.queenalice.com/game.php?id=374306"]
[Date "2008.3.20"]
[Round "-"]
[White "brunfmelo"]
[Black "snyps"]
[Result "0-1"]
[WhiteElo "940"]
[BlackElo "1628"]

1. Nc3 e6 2. e4 Bc5 3. d4 Bb4 4. a3 Bxc3+ 5. bxc3 Qh4 6. g3 Qxe4+ 7. Be2 Qxh1 8.
Kf1 Qc6 9. Qd3 b6 10. Bf3 d5 11. Qe3 Nf6 12. Ne2 Ba6 13. Rb1 Bxe2+ 14. Qxe2 Qxc3
15. Bb2 Qc6 16. g4 O-O 17. c3 Nfd7 18. Rc1 Qd6 19. Qd3 Qxh2 20. Bd1 Re8 0-1

[Event "Challenge"]
[Site "http://www.queenalice.com/game.php?id=377510"]
[Date "2008.3.26"]
[Round "-"]
[White "snyps"]
[Black "gncj"]
[Result "1-0"]
[WhiteElo "1178"]
[BlackElo "1416"]

1. e4 Nc6 2. d4 d5 3. e5 f6 4. Bb5 Bd7 5. exf6 Nxf6 6. Bg5 a6 7. Bxf6 exf6 8.
Ba4 Bf5 9. Bxc6+ bxc6 10. Qh5+ g6 11. Qe2+ Be7 12. h3 O-O 13. g4 Bxc2 14. Qxc2
Bb4+ 15. Nc3 Qe7+ 16. Ne2 Rfe8 17. O-O-O Rab8 18. Qa4 a5 19. Qxc6 Ba3 20. Qxd5+
Kf8 21. Qxa5 Bxb2+ 22. Kc2 h5 23. gxh5 gxh5 24. Qxh5 Qg7 25. Qc5+ Re7 26. Nf4
Qh7+ 27. Rd3 Qh4 28. Ng6+ Kf7 29. Nxh4 Bxc3 30. Kxc3 Re2 31. Qxc7+ Ke6 32. Qxb8
Rxf2 33. d5+ Kf7 34. Qc7+ Ke8 35. Re3+ Kf8 36. Ng6+ Kg8 37. Re8# 1-0

[Event "Let's Play Chess!"]
[Site "http://www.queenalice.com/game.php?id=385435"]
[Date "2008.4.11"]
[Round "-"]
[White "snyps"]
[Black "elche"]
[Result "1-0"]
[WhiteElo "1552"]
[BlackElo "1732"]

1. e4 c5 2. Bc4 Nc6 3. Qh5 e6 4. e5 g6 5. Qf3 Nxe5 6. Qe4 Bg7 7. Nf3 d5 8. Bb5+
Bd7 9. Qa4 Nxf3+ 10. gxf3 Nf6 11. d3 O-O 12. Bg5 Bxb5 13. Qxb5 Qb6 14. Qxb6 axb6
15. Nc3 d4 16. Nb5 h6 17. Bxf6 Bxf6 18. b3 Be7 19. a4 e5 20. O-O-O f5 21. Kb2 g5
22. h3 Kg7 23. Rhg1 h5 24. Rde1 Bf6 25. Nd6 Ra7 26. Nxf5+ Kh8 27. Nd6 Rd8 28.
Nf7+ Kg7 29. Nxd8 Bxd8 30. Rxe5 Bf6 31. Re6 Ra8 32. Rge1 Re8 33. Rxe8 1-0

[Event "Challenge"]
[Site "http://www.queenalice.com/game.php?id=396699"]
[Date "2008.5.2"]
[Round "-"]
[White "snyps"]
[Black "MataMoscas"]
[Result "1-0"]
[WhiteElo "1628"]
[BlackElo "1497"]

1. e4 e5 2. Qh5 g5 3. Bc4 Qf6 4. d3 Bb4+ 5. c3 Bc5 6. Nh3 d6 7. Bxg5 Qg6 8. Qxg6
hxg6 9. Ng1 Nd7 10. Ne2 f6 11. Bd2 b6 12. d4 a5 13. dxc5 Nxc5 14. Bd5 Bb7 15.
O-O Bxd5 16. exd5 b5 17. Na3 Rb8 18. b4 axb4 19. cxb4 Ne4 20. Be3 f5 21. Rac1
Ngf6 22. f3 f4 23. fxe4 Ng4 24. Bxf4 exf4 25. Rxc7 g5 26. h3 Nf6 27. Rfc1 O-O
28. Nc3 Rbe8 29. Naxb5 Nxe4 30. Nxe4 Rxe4 31. Nxd6 Rxb4 32. Rc8 Rb2 33. Rxf8+
Kxf8 34. a4 Ra2 35. Rc8+ Ke7 36. Nf5+ Kd7 37. Ra8 Kc7 38. d6+ Kd7 39. Ra7+ Ke6
40. d7 Rd2 41. Ng7+ Ke7 42. a5 Rxd7 43. Rxd7+ Kxd7 44. Ne6 Kc8 45. Nxg5 Kb7 46.
h4 Ka6 47. h5 Kxa5 48. h6 Kb4 49. h7 Kc4 50. h8=Q Kd3 51. Qd8+ Ke3 52. Nh3 f3
53. gxf3 Kxf3 54. Qe8 Kg3 55. Qf7 Kxh3 56. Qg6 Kh4 57. Kf2 Kh3 58. Qg3# 1-0

[Event "Challenge"]
[Site "http://www.queenalice.com/game.php?id=411884"]
[Date "2008.6.2"]
[Round "-"]
[White "MataMoscas"]
[Black "snyps"]
[Result "1-0"]
[WhiteElo "1536"]
[BlackElo "1651"]

1. e4 e5 2. Bc4 Nf6 3. d3 d5 4. exd5 Nxd5 5. Nf3 Bg4 6. h3 Bxf3 7. Qxf3 c6 8.
O-O b5 9. Bxd5 cxd5 10. Nc3 Na6 11. Re1 e4 12. dxe4 dxe4 13. Nxb5 Nc5 14. Bf4
Rc8 15. Nxa7 Be7 16. Qg4 Ne6 17. Rad1 Qa5 18. Nxc8 Nxf4 19. Qxf4 f5 20. Qd2 Bb4
21. Qd7+ Kf8 22. Rd5 Qxd5 23. Qxd5 Bxe1 24. Qd8+ Kf7 25. Qxh8 Kg6 26. Ne7+ Kg5
27. Qxg7+ Kf4 28. Qg3# 1-0

[Event "Challenge"]
[Site "http://www.queenalice.com/game.php?id=413731"]
[Date "2008.6.5"]
[Round "-"]
[White "paulove"]
[Black "snyps"]
[Result "1-0"]
[WhiteElo "1877"]
[BlackElo "1615"]

1. e4 e5 2. Bc4 Nf6 3. Nc3 Bb4 4. Nge2 Bxc3 5. Nxc3 O-O 6. O-O b6 7. d3 Bb7 8.
f4 exf4 9. Bxf4 c6 10. Bd6 Re8 11. e5 Nd5 12. Bxd5 cxd5 13. d4 Nc6 14. Ne2 Ne7
15. Ng3 Nc8 16. Nf5 g6 17. Qg4 Re6 18. Nh6+ Kg7 19. Nxf7 Qe8 20. Qh4 Nxd6 21.
Qh6+ Kg8 22. Nxd6 Rb8 23. Rf7 Qxf7 24. Nxf7 Ba6 25. Nd6 1-0

[Event "Challenge"]
[Site "http://www.queenalice.com/game.php?id=424762"]
[Date "2008.6.28"]
[Round "-"]
[White "snyps"]
[Black "APSHOOTER"]
[Result "0-1"]
[WhiteElo "1622"]
[BlackElo "1620"]

1. e4 d5 2. Bb5+ c6 3. Be2 dxe4 4. d3 Nf6 5. Bg5 exd3 6. Bxd3 Qd5 7. Nf3 Qe6+ 8.
Be2 Ne4 9. Bf4 Qf6 10. Bxb8 Rxb8 11. Nd4 Qxf2# 0-1

[Event "Challenge"]
[Site "http://www.queenalice.com/game.php?id=424763"]
[Date "2008.6.28"]
[Round "-"]
[White "snyps"]
[Black "lafasouza"]
[Result "0-1"]
[WhiteElo "1622"]
[BlackElo "1659"]

1. e4 e5 2. Nf3 f6 3. c3 Nh6 4. d4 d6 5. Bxh6 gxh6 6. Bb5+ c6 7. Bc4 exd4 8.
cxd4 Qe7 9. Nc3 f5 10. e5 d5 11. Be2 h5 12. O-O f4 0-1